h1

h2

h3

h4

h5
h6
000709734 001__ 709734
000709734 005__ 20251031112600.0
000709734 0247_ $$2ISSN$$a0025-4509
000709734 0247_ $$2ISSN$$a0341-5775
000709734 037__ $$aRWTH-2017-10173
000709734 041__ $$aGerman
000709734 082__ $$a620
000709734 1001_ $$0P:(DE-82)IDM00329$$aBrecher, Christian$$b0$$urwth
000709734 245__ $$aAlternativer Werkstoff für stabile Maschinen$$honline, print
000709734 260__ $$aWürzburg$$bVogel$$c2017
000709734 3367_ $$00$$2EndNote$$aJournal Article
000709734 3367_ $$0PUB:(DE-HGF)16$$2PUB:(DE-HGF)$$aJournal Article$$bjournal$$mjournal
000709734 3367_ $$2BibTeX$$aARTICLE
000709734 3367_ $$2DRIVER$$aarticle
000709734 3367_ $$2DataCite$$aOutput Types/Journal article
000709734 3367_ $$2ORCID$$aJOURNAL_ARTICLE
000709734 653_7 $$aDynamik
000709734 653_7 $$aMaschinenbau
000709734 653_7 $$aWerkstoffprüfung
000709734 653_7 $$aWerkzeugmaschinen
000709734 7001_ $$0P:(DE-82)IDM00346$$aSchmidt, Simo Aleksis$$b1$$eCorresponding author$$urwth
000709734 7001_ $$0P:(DE-82)IDM00598$$aJasper, David$$b2$$urwth
000709734 7001_ $$aNeunzig, C.$$b3
000709734 7001_ $$0P:(DE-82)IDM00349$$aFey, Marcel$$b4$$urwth
000709734 773__ $$0PERI:(DE-600)2033149-6$$n20$$p42-45$$tMaschinenmarkt : MM$$v123$$x0025-4509$$y2017
000709734 8564_ $$uhttp://www.bibliothek.uni-regensburg.de/ezeit/?2033149$$yElektronische Zeitschriftenbibliothek
000709734 909CO $$ooai:publications.rwth-aachen.de:709734$$pVDB
000709734 9101_ $$0I:(DE-588b)36225-6$$6P:(DE-82)IDM00329$$aRWTH Aachen$$b0$$kRWTH
000709734 9101_ $$0I:(DE-588b)36225-6$$6P:(DE-82)IDM00346$$aRWTH Aachen$$b1$$kRWTH
000709734 9101_ $$0I:(DE-588b)36225-6$$6P:(DE-82)IDM00598$$aRWTH Aachen$$b2$$kRWTH
000709734 9101_ $$0I:(DE-588b)36225-6$$6P:(DE-82)IDM00349$$aRWTH Aachen$$b4$$kRWTH
000709734 9141_ $$y2017
000709734 915__ $$0StatID:(DE-HGF)0200$$2StatID$$aDBCoverage$$bSCOPUS
000709734 9201_ $$0I:(DE-82)417200_20140620$$k417200$$lWerkzeugmaschinenlabor WZL der RWTH Aachen$$x0
000709734 9201_ $$0I:(DE-82)417310_20140620$$k417310$$lLehrstuhl für Werkzeugmaschinen$$x1
000709734 9201_ $$0I:(DE-82)311110_20160603$$k311110$$lLehrstuhl für Baustoffkunde und Institut für Bauforschung$$x2
000709734 961__ $$c2017-12-01T10:17:20.323282$$x2017-12-01T10:17:20.323282$$z2017-12-01
000709734 980__ $$aI:(DE-82)311110_20160603
000709734 980__ $$aI:(DE-82)417200_20140620
000709734 980__ $$aI:(DE-82)417310_20140620
000709734 980__ $$aUNRESTRICTED
000709734 980__ $$aVDB
000709734 980__ $$ajournal